VAR model inflácie HICP
Celkovú infláciu ovplyvňujú šoky, prípadne dlhodobejšie pôsobenie makroekonomických veličín. Faktory pôsobia s rôznou mierou volatility, ako aj s rozličnou mierou predpovedateľnosti. Odhad vplyvu jednotlivých faktorov na vývoj inflácie v podmienkach SR. Odhad je uskutočnený prostredníctvom vektorové...
Salvato in:
| Autore principale: | |
|---|---|
| Altri autori: | |
| Natura: | Capitolo di libro |
| Lingua: | slovacco |
| Soggetti: | |
| Tags: |
Nessun Tag, puoi essere il primo ad aggiungerne!!
|
MARC
| LEADER | 00000naa a2200000 4500 | ||
|---|---|---|---|
| 001 | 0229800 | ||
| 005 | 20220805075256.0 | ||
| 041 | 0 | |a slo | |
| 044 | |a SK | ||
| 245 | 1 | 0 | |a VAR model inflácie HICP |c Branislav Karmažin, Roman Vrbovský |
| 520 | |a Celkovú infláciu ovplyvňujú šoky, prípadne dlhodobejšie pôsobenie makroekonomických veličín. Faktory pôsobia s rôznou mierou volatility, ako aj s rozličnou mierou predpovedateľnosti. Odhad vplyvu jednotlivých faktorov na vývoj inflácie v podmienkach SR. Odhad je uskutočnený prostredníctvom vektorového autoregresného modelu (VAR). | ||
| 610 | 2 | 0 | |a inflácia |
| 610 | 2 | 0 | |a cielenie inflácie |
| 610 | 2 | 0 | |a metóda Value at Risk |
| 610 | 2 | 0 | |a analýza ekonometrická |
| 100 | 1 | |a Karmažin, Branislav | |
| 700 | 1 | |a Vrbovský, Roman | |